| 000 | 00406nam a22001697a 4500 | ||
|---|---|---|---|
| 005 | 20160528092517.0 | ||
| 008 | 160528b xxu||||| |||| 00| 0 eng d | ||
| 020 | _a0-415-25601-1 | ||
| 041 | _aeng | ||
| 082 | _b5579 | ||
| 100 |
_aHarris, lisa, and Dennis Chorles _91409 |
||
| 245 | _aMarketing the e-Business | ||
| 260 |
_bRoul ledge _c2002 |
||
| 300 | _a329 | ||
| 650 |
_aManagement _9241 |
||
| 942 | _cBK | ||
| 999 |
_c1995 _d1994 |
||